Assessing English for professional purposes

Gespeichert in:
Bibliographische Detailangaben
1. Verfasser: KNOCH, Ute Macqueen, Susy
Format: Buch
Sprache:Englisch
Veröffentlicht: Routledge 2020
Tags: Tag hinzufügen
Keine Tags, Fügen Sie den ersten Tag hinzu!

MARC

LEADER 00000nam a22000007a 4500
008 230619b |||||||| |||| 00| 0 eng d
020 |a 9781138118867 
100 |a KNOCH, Ute  |a Macqueen, Susy 
245 |a Assessing English for professional purposes  |c Ute Knoch and Susy Macqueen  |g viii,211p 
260 |b Routledge  |c 2020  |h London  |i 699752  |i 699753  |l  LB1631.K75  |m English language- Ability testing  |m English language - Business English - Study and teaching  |m Language and languages- Examinations  |m Language and languages - Study and teaching 
500 |a Includes bibliographical references and index. 
942 |a lcc  |c BK  |e Johnson  |f 19/06/23 
952 |0 0  |1 0  |2 lcc  |4 0  |6 LB1631 K75  |7 0  |9 4248  |a ED  |b HOL  |c LP  |d 2023-06-19  |l 0  |o  LB1631.K75  |p 2023-0177  |r 2023-06-19 00:00:00  |t 699752  |w 2023-06-19  |y BK 
952 |0 0  |1 0  |2 lcc  |4 0  |6 LB1631 K75  |7 0  |9 4249  |a HOL  |b HOL  |c LP  |d 2023-06-19  |l 0  |o  LB1631.K75  |p 2023-0178  |r 2023-06-19 00:00:00  |t 699753  |w 2023-06-19  |y BK 
999 |c 2133  |d 2133